The trouble with Europe : why the EU isn't working how it can be reformed what could take its place

Bibliographic Details
Main Author: Bootle, Roger
Format: Book
Published: London : Nicholas Brealey Publishing , 2014
Subjects:

MARC

LEADER 00000cam a2200000 7i4500
001 0000194328
005 20150902.0
020 |a 9781857886153 
090 0 0 |a 337.142   |b BOO 
100 1 |a Bootle, Roger 
245 1 4 |a The trouble with Europe :   |b why the EU isn't working how it can be reformed what could take its place   |c Roger Bootle 
260 |a London :   |b Nicholas Brealey Publishing ,   |c 2014 
300 |a 216p. ;   |c 24cm. 
610 1 0 |a European Union 
651 0 |a European Union countries   |x Economic conditions 
651 0 |a European Union countries   |x Politics and government 
999 |a 00311294   |b BUKU   |c PINJAMAN   |e PERPUSTAKAAN KOMUNITI PETALING JAYA